Does Fiscal Policy Matter for the Trade Account? : A Panel Cointegration Study /

This paper analyzes the empirical relationship between fiscal policy and the trade account. Research prior to this paper did not consider that the components of private and public demand in the import demand equation exhibit different elasticities. Using pooled mean group estimation for annual panel...

সম্পূর্ণ বিবরণ

গ্রন্থ-পঞ্জীর বিবরন
প্রধান লেখক: Nickel, Christiane
অন্যান্য লেখক: Funke, Katja
বিন্যাস: পত্রিকা
ভাষা:English
প্রকাশিত: Washington, D.C. : International Monetary Fund, 2006.
মালা:IMF Working Papers; Working Paper ; No. 2006/147
অনলাইন ব্যবহার করুন:Full text available on IMF
LEADER 01675cas a2200253 a 4500
001 AALejournalIMF004233
008 230101c9999 xx r poo 0 0eng d
020 |c 5.00 USD 
020 |z 9781451864076 
022 |a 1018-5941 
040 |a BD-DhAAL  |c BD-DhAAL 
100 1 |a Nickel, Christiane. 
245 1 0 |a Does Fiscal Policy Matter for the Trade Account? :   |b A Panel Cointegration Study /  |c Christiane Nickel, Katja Funke. 
264 1 |a Washington, D.C. :  |b International Monetary Fund,  |c 2006. 
300 |a 1 online resource (27 pages) 
490 1 |a IMF Working Papers 
500 |a <strong>Off-Campus Access:</strong> No User ID or Password Required 
500 |a <strong>On-Campus Access:</strong> No User ID or Password Required 
506 |a Electronic access restricted to authorized BRAC University faculty, staff and students 
520 3 |a This paper analyzes the empirical relationship between fiscal policy and the trade account. Research prior to this paper did not consider that the components of private and public demand in the import demand equation exhibit different elasticities. Using pooled mean group estimation for annual panel data of the G-7 countries for the years 1970 through 2002, we provide empirical evidence that the composition of overall demand-i.e., the distribution among public demand, private demand, and export demand-has an impact on the magnitude of the trade account deficit. 
538 |a Mode of access: Internet 
700 1 |a Funke, Katja. 
830 0 |a IMF Working Papers; Working Paper ;  |v No. 2006/147 
856 4 0 |z Full text available on IMF  |u http://elibrary.imf.org/view/journals/001/2006/147/001.2006.issue-147-en.xml  |z IMF e-Library